Kế toán quản trị với các doanh nghiệp sản xuất kinh doanh
Nội dung cuốn sách bao gồm một số vấn đề lý luận về phân tích kinh tế trong các doanh kinh doanh xuất nhập khẩu, phân tích doanh thu hoạt động xuất nhập khẩu, ..., phân tích tình hình tài chính doanh nghiệp....
Đã lưu trong:
| 主要作者: | |
|---|---|
| 格式: | 圖書 |
| 語言: | Undetermined |
| 出版: |
Hà Nội
Giáo dục Việt Nam
2012
|
| 主題: | |
| 標簽: |
添加標簽
沒有標簽, 成為第一個標記此記錄!
|
| Thư viện lưu trữ: | Trung tâm Học liệu Trường Đại học Cần Thơ |
|---|
| LEADER | 01032nam a2200217Ia 4500 | ||
|---|---|---|---|
| 001 | CTU_176813 | ||
| 008 | 210402s9999 xx 000 0 und d | ||
| 020 | |c 32000 | ||
| 082 | |a 657.867 | ||
| 082 | |b H103 | ||
| 100 | |a Nguyễn, Văn Hải | ||
| 245 | 0 | |a Kế toán quản trị với các doanh nghiệp sản xuất kinh doanh | |
| 245 | 0 | |c Nguyễn Văn Hải (Chủ biên) | |
| 260 | |a Hà Nội | ||
| 260 | |b Giáo dục Việt Nam | ||
| 260 | |c 2012 | ||
| 520 | |a Nội dung cuốn sách bao gồm một số vấn đề lý luận về phân tích kinh tế trong các doanh kinh doanh xuất nhập khẩu, phân tích doanh thu hoạt động xuất nhập khẩu, ..., phân tích tình hình tài chính doanh nghiệp. | ||
| 650 | |a Manufacturing,Sản xuất,Business enterprises,Doanh nghiệp kinh doanh | ||
| 650 | |x Accounting,Kế toán | ||
| 904 | |i Trọng Hiếu | ||
| 980 | |a Trung tâm Học liệu Trường Đại học Cần Thơ | ||